Loading...
Mughal government and Administration
| Main Author: | |
|---|---|
| Format: | Printed Book |
| Published: |
New Delhi
Ishika
2019
|
| Subjects: |
| LEADER | 00486nam a22001577a 4500 | ||
|---|---|---|---|
| 999 | |c 57444 |d 57444 | ||
| 020 | |a 9789385302831 | ||
| 082 | |a 954.025 |b SAX/M | ||
| 100 | |a Saxena,A.K | ||
| 245 | |a Mughal government and Administration | ||
| 260 | |a New Delhi |b Ishika |c 2019 | ||
| 300 | |a 236p. | ||
| 650 | |a History-India | ||
| 650 | |a Mughal empire | ||
| 942 | |c BK | ||
| 952 | |0 0 |1 0 |4 0 |6 954_025000000000000_SAX_M |7 0 |9 64493 |a KUCL |c Stack |d 2019-05-30 |g 1595.00 |l 0 |o 954.025 SAX/M |p 48243 |r 2019-05-30 |w 2019-05-30 |y BK | ||